Directors of Best Picture Nominees - 2020s - Statistics

General Stats
  • This quiz has been taken 244 times
    27 since last reset
  • The average score is 45 of 67
Answer Stats
Year Film Director % Correct
2021 Nomadland Chloé Zhao
96%
2026 Hamnet Chloé Zhao
96%
2024 Oppenheimer Christopher Nolan
92%
2024 Barbie Greta Gerwig
92%
2020 Little Women Greta Gerwig
92%
2026 Frankenstein Guillermo del Toro
92%
2022 Nightmare Alley Guillermo del Toro
92%
2023 Avatar: The Way of Water James Cameron
92%
2024 Killers of the Flower Moon Martin Scorsese
92%
2020 The Irishman Martin Scorsese
92%
2026 One Battle After Another Paul Thomas Anderson
92%
2022 Licorice Pizza Paul Thomas Anderson
92%
2025 Dune: Part Two Denis Villeneuve
88%
2022 Dune Denis Villeneuve
88%
2026 Marty Supreme Josh Safdie
88%
2020 Once Upon a Time in Hollywood Quentin Tarantino
88%
2026 Sinners Ryan Coogler
84%
2023 The Fabelmans Steven Spielberg
84%
2022 West Side Story Steven Spielberg
84%
2026 Bugonia Yorgos Lanthimos
84%
2024 Poor Things Yorgos Lanthimos
84%
2020 Parasite Bong Joon-ho
80%
2023 Everything Everywhere All at Once Daniel Kwan / Daniel Scheinert
80%
2022 The Power of the Dog Jane Campion
80%
2026 Sentimental Value Joachim Trier
76%
2020 1917 Sam Mendes
76%
2025 Anora Sean Baker
76%
2020 Jojo Rabbit Taika Waititi
76%
2020 Joker Todd Phillips
76%
2022 Don't Look Up Adam McKay
72%
2024 Maestro Bradley Cooper
72%
2021 Mank David Fincher
72%
2025 A Complete Unknown James Mangold
72%
2020 Ford v Ferrari James Mangold
72%
2022 Belfast Kenneth Branagh
72%
2023 Elvis Baz Luhrmann
68%
2024 The Holdovers Alexander Payne
64%
2025 The Brutalist Brady Corbet
64%
2021 Promising Young Woman Emerald Fennell
64%
2024 The Zone of Interest Jonathan Glazer
64%
2025 Wicked Jon M. Chu
64%
2020 Marriage Story Noah Baumbach
64%
2023 Tár Todd Field
64%
2025 The Substance Coralie Fargeat
60%
2026 F1 Joseph Kosinski
60%
2023 Top Gun: Maverick Joseph Kosinski
60%
2024 Anatomy of a Fall Justine Triet
60%
2023 The Banshees of Inisherin Martin McDonagh
60%
2024 Past Lives Celine Song
56%
2025 Emilia Pérez Jacques Audiard
56%
2023 Triangle of Sadness Ruben Östlund
56%
2021 The Trial of the Chicago 7 Aaron Sorkin
52%
2025 Conclave Edward Berger
52%
2023 All Quiet on the Western Front Edward Berger
52%
2022 Drive My Car Ryusuke Hamaguchi
48%
2021 Minari Lee Isaac Chung
44%
2026 The Secret Agent Kleber Mendonça Filho
40%
2023 Women Talking Sarah Polley
40%
2021 The Father Florian Zeller
36%
2025 I'm Still Here Walter Salles
36%
2026 Train Dreams Clint Bentley
28%
2024 American Fiction Cord Jefferson
28%
2022 CODA Sian Heder
28%
2021 Judas and the Black Messiah Shaka King
24%
2021 Sound of Metal Darius Marder
20%
2025 Nickel Boys RaMell Ross
20%
2022 King Richard Reinaldo Marcus Green
16%
No matching quizzes found
Score Distribution
Percent of People with Each Score
Percentile by Number Answered
Your Score History
You have not taken this quiz since the last reset